| 000 | 00731nam a2200181 a 4500 | ||
|---|---|---|---|
| 001 | 000015924 | ||
| 005 | 20220602110105.0 | ||
| 008 | 100222s1982 dr 001 0 spa d | ||
| 040 |
_aDO-SdBNP _bspa _cBNPHU |
||
| 082 |
_a343.0929 _bR426L |
||
| 110 | 1 |
_aRepública Dominicana _9447 |
|
| 240 | 1 | 0 | _a[Leyes, etc.] |
| 245 | 1 | 0 |
_aLeyes, reglamentos, resoluciones y decretos de la Corporación Dominicana de Electricidad / _cedición preparada y actualizada por la Consultoría Jurídica de la Corporación Dominicana de electricidad. |
| 260 |
_aSanto Domingo : _bCDE, _c1982. |
||
| 300 | _a124 p. | ||
| 610 | 2 | 0 |
_aCorporación Dominicana de Electricidad _935816 |
| 650 | 4 |
_aEnergia eléctrica _zRepública Dominicana _xLegislación _935817 |
|
| 999 |
_c15466 _d15466 |
||